000 00977nas a2200313 4500
001 BR0000027
003 BR-BrBNA
005 20231205101622.0
007 ta
008 230509b bl.|||p| |||| 00| 00por d
040 _aBR-BrBNA
_bpor
_cBiblioteca Nacional de Agricultura
041 _a(Pt)
072 _aL20; L01
100 1 _aBiffani, S.
100 1 _aMartins Filho, R.
100 1 _aMartini, A.
100 1 _aBozzi, R.
100 1 _aLima, F. de A.M.
245 1 _aFatores ambientais e geneticos que influenciam o desenvolvimento ponderal ate o desmame de animais Nelore criados no nordeste do Brasil
650 _aGado Nelore
650 _aComportamento Animal
650 _aCondicao Ambiental
650 _aCriacao
650 _aDesmama
650 _aNordeste
773 0 _tRevista Brasileira de Zootecnia (Brazil)
_xISSN 1516-3598
_g(Jul-Aug 1999), v. 28(4) p. 693-700
_wBR0000027
909 _a202311
_bLúcia
_c55
_dLúcia Elande
942 _2AGRIS
_n0
_cANA
999 _c162862
_d162862